United States Marine Corps Ranks - Statistics

General Stats
  • This quiz has been taken 69 times
  • The average score is 19 of 27
Answer Stats
Paygrade Rank % Correct
E-1 Private
98%
E-4 Corporal
92%
E-2 Private First Class
90%
E-5 Sergeant
90%
O-4 Major
85%
O-3 Captain
81%
O-6 Colonel
79%
O-10 General
79%
E-8 Master Sergeant
79%
E-7 Gunnery Sergeant
77%
E-3 Lance Corporal
77%
O-2 First Lieutenant
73%
O-1 Second Lieutenant
73%
E-9 Sergeant Major
73%
E-6 Staff Sergeant
73%
O-5 Lieutenant Colonel
71%
O-9 Lieutenant General
69%
E-8 First Sergeant
67%
O-7 Brigadier General
65%
O-8 Major General
65%
E-9 Master Gunnery Sergeant
65%
W-1 Warrant Officer 1
56%
E-9 Sergeant Major of the Marine Corps
52%
W-2 Chief Warrant Officer 2
46%
W-3 Chief Warrant Officer 3
46%
W-4 Chief Warrant Officer 4
46%
W-5 Chief Warrant Officer 5
46%
No matching quizzes found
Score Distribution
Percent of People with Each Score
Percentile by Number Answered
Your Score History
You have not taken this quiz